[Event "Goldmoney Asian Rapid"]
[Site "chess24.com INT"]
[Date "2021.06.30"]
[Round "1.32"]
[White "Arjun Erigaisi"]
[Black "Levon Aronian"]
[Result "1/2-1/2"]
[EventDate "2021.06.26"]
[WhiteElo "2567"]
[BlackElo "2781"]
[PlyCount "150"]

1. d4 Nf6 2. c4 e6 3. g3 d5 4. Bg2 dxc4 5. Qa4+ Nbd7 6. Qxc4 c5 7. Nf3 a6 8. Qc2 b5 9. Ne5 Nd5 10. Nxd7 Bxd7 11. Bxd5 exd5 12. dxc5 Bc6 13. O-O d4 14. Bf4 Qd5 15. f3 d3 16. exd3 Qxc5+ 17. Qf2 Qxf2+ 18. Kxf2 O-O-O 19. Rd1 Bc5+ 20. Be3 Bxe3+ 21. Kxe3 Rhe8+ 22. Kf2 Re6 23. Nc3 Red6 24. Ke3 Re6+ 25. Kf2 Red6 26. Rac1 Rxd3 27. Rxd3 Rxd3 28. Ne4 Kc7 29. Ke2 Rd7 30. Nc5 Re7+ 31. Kf2 Kb6 32. Nxa6 Bxf3 33. Nb4 Bb7 34. Rd1 Re5 35. a3 h5 36. Rd6+ Kc7 37. Rd4 Rf5+ 38. Ke2 Re5+ 39. Kd2 Rf5 40. Nd3 g5 41. Ke3 f6 42. Rb4 Bc6 43. Rb3 Kd6 44. Rc3 Bd7 45. Nb4 Re5+ 46. Kd2 Bg4 47. Rd3+ Ke6 48. Re3 Rxe3 49. Kxe3 Ke5 50. b3 Bd7 51. Nd3+ Kd5 52. Nb4+ Kc5 53. Nc2 Kd5 54. Nd4 Ke5 55. Ne2 Be6 56. Nc3 Bxb3 57. Nxb5 f5 58. Nc3 f4+ 59. gxf4+ gxf4+ 60. Kf3 Be6 61. a4 Bg4+ 62. Kf2 Kd4 63. Ne2+ Kc5 64. Nxf4 Kb4 65. Kg3 Kxa4 66. Kh4 Kb5 67. Nxh5 Bd1 68. Kg5 Kc6 69. Nf6 Kd6 70. h4 Ke7 71. Kg6 Kf8 72. Nh7+ Kg8 73. Nf6+ Kh8 74. h5 Bxh5+ 75. Kxh5 1/2-1/2

[Event "Goldmoney Asian Rapid"]
[Site "chess24.com INT"]
[Date "2021.06.29"]
[Round "1.11"]
[White "Levon Aronian"]
[Black "Arjun Erigaisi"]
[Result "1/2-1/2"]
[EventDate "2021.06.26"]
[WhiteElo "2781"]
[BlackElo "2567"]
[PlyCount "82"]

1. c4 c5 2. Nc3 Nc6 3. g3 g6 4. Bg2 Bg7 5. d3 e6 6. h4 h6 7. h5 g5 8. f4 g4 9. Bxc6 bxc6 10. e4 f5 11. e5 d6 12. exd6 Qxd6 13. Be3 Bd4 14. Qd2 Nf6 15. Nge2 Kf7 16. Na4 Bd7 17. Bxd4 cxd4 18. Qa5 Rhd8 19. Nc5 Qb8 20. b4 Be8 21. Kf2 Qb6 22. Rab1 Nd7 23. Nxd7 Qxa5 24. bxa5 Rxd7 25. c5 Kf6 26. Rb4 Rad8 27. Rc1 Bf7 28. a6 Bg8 29. a4 Bf7 30. a5 e5 31. fxe5+ Kxe5 32. Nf4 Kf6 33. Rb7 Re7 34. Re1 Rdd7 35. Rxe7 Rxe7 36. Ng6 Bxg6 37. hxg6 h5 38. Rb6 Rc7 39. Rb7 Re7 40. Rb6 Rc7 41. Rb7 Re7 1/2-1/2

[Event "Goldmoney Asian Rapid"]
[Site "chess24.com INT"]
[Date "2021.06.29"]
[Round "1.12"]
[White "Arjun Erigaisi"]
[Black "Levon Aronian"]
[Result "1-0"]
[EventDate "2021.06.26"]
[WhiteElo "2567"]
[BlackElo "2781"]
[PlyCount "86"]

1. d4 Nf6 2. c4 e6 3. Nf3 d5 4. Nc3 Bb4 5. e3 O-O 6. Bd2 b6 7. cxd5 exd5 8. Bd3 Bb7 9. O-O Be7 10. Ne5 c5 11. Ne2 Nc6 12. Nxc6 Bxc6 13. dxc5 bxc5 14. Bc3 Qb6 15. Ng3 g6 16. b4 cxb4 17. Bd4 Qd8 18. Rc1 Bb7 19. Qf3 Qd6 20. h4 Rfc8 21. h5 a5 22. Bf5 Rxc1 23. Rxc1 Ne8 24. Qg4 Ng7 25. Bxg6 fxg6 26. Bxg7 Rc8 27. Rd1 Rc2 28. Ba1 Rc4 29. Qe2 Qc6 30. Bd4 Bf6 31. hxg6 hxg6 32. Kh2 Bxd4 33. exd4 Rc2 34. Qf3 Qe6 35. Qf4 Kg7 36. Rd3 Qf6 37. Qg4 Qxf2 38. Nh5+ Kh6 39. Nf4 Rc6 40. Rh3+ Kg7 41. Qd7+ Kf6 42. Rf3 Qxd4 43. Ne2+ 1-0

[Event "Goldmoney Asian Rapid"]
[Site "chess24.com INT"]
[Date "2021.06.29"]
[Round "1.13"]
[White "Levon Aronian"]
[Black "Arjun Erigaisi"]
[Result "1-0"]
[EventDate "2021.06.26"]
[WhiteElo "2781"]
[BlackElo "2567"]
[PlyCount "112"]

1. c4 e6 2. g3 d5 3. Bg2 Nf6 4. Nf3 dxc4 5. Qa4+ Nbd7 6. Qxc4 c5 7. Qc2 b6 8. O-O Bb7 9. Nc3 Be7 10. e4 O-O 11. d4 cxd4 12. Nxd4 Rc8 13. Rd1 Bc5 14. Qe2 Qe7 15. Nb3 Ne5 16. Nxc5 Qxc5 17. Bf4 Rfd8 18. Rxd8+ Rxd8 19. Rd1 Rxd1+ 20. Qxd1 Ned7 21. Be3 Qc6 22. f3 h6 23. Qa4 Qxa4 24. Nxa4 Kf8 25. Bf1 Ke7 26. h4 Ne5 27. Be2 Ne8 28. Kf2 h5 29. b3 Nc7 30. Bd4 f6 31. Ke3 Ba6 32. Bd1 Nc6 33. Bb2 Kf7 34. Nc3 Ne5 35. Ne2 Nc6 36. Nf4 e5 37. Nd3 Bxd3 38. Kxd3 Nb4+ 39. Kc4 Nxa2 40. f4 exf4 41. gxf4 g6 42. b4 a5 43. b5 Ne6 44. f5 Nc5 45. Bd4 Nd7 46. fxg6+ Kxg6 47. Kd5 Ne5 48. Bxe5 fxe5 49. Kc6 Nc3 50. Kxb6 Kf6 51. Kc6 a4 52. b6 a3 53. b7 a2 54. b8=Q a1=Q 55. Qf8+ Kg6 56. Qg8+ 1-0

[Event "Goldmoney Asian Rapid"]
[Site "chess24.com INT"]
[Date "2021.06.29"]
[Round "1.14"]
[White "Arjun Erigaisi"]
[Black "Levon Aronian"]
[Result "1/2-1/2"]
[EventDate "2021.06.26"]
[WhiteElo "2567"]
[BlackElo "2781"]
[PlyCount "86"]

1. d4 Nf6 2. c4 e6 3. Nf3 d5 4. Nc3 Bb4 5. e3 c5 6. Bd2 cxd4 7. Qa4+ Nc6 8. Nxd4 Bd7 9. Nxc6 Bxc3 10. Bxc3 Bxc6 11. Qa5 Qxa5 12. Bxa5 O-O 13. f3 Rfc8 14. cxd5 Bxd5 15. e4 Bc4 16. Bxc4 Rxc4 17. Kd2 Rac8 18. Bc3 Nd7 19. Rhd1 f6 20. Ke3 Nb6 21. Ba5 Rc2 22. Bxb6 axb6 23. Rd2 Rxd2 24. Kxd2 Kf7 25. Rc1 Rxc1 26. Kxc1 Ke7 27. Kd2 Kd6 28. Kc3 Kc5 29. f4 b5 30. a3 f5 31. b4+ Kc6 32. Kd4 Kd6 33. h3 h5 34. h4 g6 35. g3 b6 36. e5+ Kc6 37. Kc3 Kd5 38. Kd3 Kc6 39. Kd4 Kc7 40. Kc3 Kc6 41. Kd4 Kc7 42. Kc3 Kc6 43. Kd4 1/2-1/2

[Event "Goldmoney Asian Rapid"]
[Site "chess24.com INT"]
[Date "2021.06.28"]
[Round "12.6"]
[White "Arjun Erigaisi"]
[Black "Peter Svidler"]
[Result "1/2-1/2"]
[EventDate "2021.06.26"]
[WhiteElo "2567"]
[BlackElo "2714"]
[PlyCount "80"]

1. d4 Nf6 2. c4 g6 3. Nc3 d5 4. cxd5 Nxd5 5. e4 Nxc3 6. bxc3 Bg7 7. Nf3 c5 8. Be3 O-O 9. Be2 Qa5 10. Nd2 cxd4 11. cxd4 Bd7 12. O-O Bb5 13. Bxb5 Qxb5 14. Rb1 Qd7 15. Nc4 Rc8 16. Ne5 Bxe5 17. dxe5 Qxd1 18. Rfxd1 b6 19. Bh6 Na6 20. Rd7 Re8 21. f3 Nc5 22. Rd5 Rad8 23. Rbd1 Rxd5 24. Rxd5 Rc8 25. h4 f6 26. exf6 exf6 27. Be3 Rc7 28. Kf2 Ne6 29. f4 Rc2+ 30. Kf3 Rxa2 31. f5 gxf5 32. exf5 Nc5 33. Bxc5 bxc5 34. Rxc5 h5 35. Rc6 Kg7 36. Rc7+ Kg8 37. Rc8+ Kg7 38. Rc7+ Kg8 39. Rc8+ Kg7 40. Rc7+ 1/2-1/2

[Event "Goldmoney Asian Rapid"]
[Site "chess24.com INT"]
[Date "2021.06.28"]
[Round "13.4"]
[White "A R Saleh Salem"]
[Black "Arjun Erigaisi"]
[Result "1/2-1/2"]
[EventDate "2021.06.26"]
[WhiteElo "2682"]
[BlackElo "2567"]
[PlyCount "72"]

1. d4 Nf6 2. c4 e6 3. Nc3 Bb4 4. e3 O-O 5. Bd3 d5 6. Nf3 c5 7. O-O cxd4 8. exd4 dxc4 9. Bxc4 b6 10. Bd3 Bb7 11. a3 Bxc3 12. bxc3 Qc7 13. c4 h6 14. Re1 Nbd7 15. a4 Rfe8 16. h3 e5 17. Nxe5 Nxe5 18. dxe5 Rxe5 19. Rxe5 Qxe5 20. Ra2 Rd8 21. Rd2 Be4 22. Bf1 Rxd2 23. Bxd2 Bc6 24. Be3 Nd7 25. Bd3 Nc5 26. Bc2 Be4 27. Bxe4 Qxe4 28. a5 Qxc4 29. axb6 axb6 30. Qd8+ Kh7 31. Qxb6 Ne6 32. Qb1+ Kg8 33. Qb8+ Kh7 34. Qb1+ Kg8 35. Qb8+ Kh7 36. Qb1+ 1/2-1/2

[Event "Goldmoney Asian Rapid"]
[Site "chess24.com INT"]
[Date "2021.06.28"]
[Round "14.5"]
[White "Arjun Erigaisi"]
[Black "Magnus Carlsen"]
[Result "1/2-1/2"]
[EventDate "2021.06.26"]
[WhiteElo "2567"]
[BlackElo "2847"]
[PlyCount "128"]

1. d4 d5 2. c4 c6 3. Nf3 Nf6 4. e3 g6 5. Nc3 Bg7 6. Be2 O-O 7. O-O a6 8. a4 a5 9. b3 Bg4 10. Ba3 Re8 11. cxd5 Bxf3 12. Bxf3 cxd5 13. Qd3 e6 14. Rac1 Nc6 15. Be2 Bf8 16. Bxf8 Kxf8 17. Qd2 Qb6 18. Nb5 Rec8 19. Nd6 Rd8 20. Nb5 Rac8 21. f3 Nb4 22. Rxc8 Rxc8 23. Rc1 Rc6 24. Rc3 Qd8 25. Na7 Rxc3 26. Qxc3 Kg7 27. Nb5 Ne8 28. g3 Nc6 29. Kf2 Nd6 30. Qc5 Ne8 31. Bd3 h5 32. h4 Nb4 33. Be2 Nc6 34. Bd3 Nb4 35. Be2 b6 36. Qc3 Nd6 37. Qc7 Qxc7 38. Nxc7 Kf6 39. Nb5 Nf5 40. e4 Ne7 41. Ke3 Nec6 42. Bd3 Nxd3 43. Kxd3 Ke7 44. exd5 Nb4+ 45. Kd2 Nxd5 46. Na3 f6 47. Nc4 g5 48. Ne3 Nb4 49. Ke2 gxh4 50. gxh4 Kd6 51. Kd2 Nc6 52. Kd3 Ne7 53. Kc4 Kc6 54. b4 Ng6 55. Ng2 f5 56. f4 Ne7 57. Ne3 Nd5 58. b5+ Kd6 59. Nxd5 exd5+ 60. Kd3 Ke6 61. Ke3 Kd6 62. Kd3 Ke6 63. Ke3 Kd6 64. Kd3 1/2-1/2

[Event "Goldmoney Asian Rapid"]
[Site "chess24.com INT"]
[Date "2021.06.28"]
[Round "15.5"]
[White "Anish Giri"]
[Black "Arjun Erigaisi"]
[Result "1/2-1/2"]
[EventDate "2021.06.26"]
[WhiteElo "2780"]
[BlackElo "2567"]
[PlyCount "80"]

1. e4 e5 2. Nf3 Nf6 3. Nxe5 d6 4. Nf3 Nxe4 5. Nc3 Nxc3 6. dxc3 Be7 7. Be3 O-O 8. Qd2 Nd7 9. O-O-O c6 10. Kb1 d5 11. h4 Re8 12. Bd3 Bc5 13. Bd4 Bxd4 14. cxd4 Nf6 15. Rde1 Ne4 16. Qf4 Qf6 17. Qxf6 Nxf6 18. Kc1 Ne4 19. Nd2 Nd6 20. Rxe8+ Nxe8 21. Re1 Be6 22. c3 Nd6 23. g3 h6 24. Nf1 Re8 25. Kd2 Kf8 26. a3 Bf5 27. Rxe8+ Kxe8 28. Bxf5 Nxf5 29. Ne3 Nxe3 30. Kxe3 g5 31. hxg5 hxg5 32. f4 f6 33. fxg5 fxg5 34. b4 b5 35. g4 Ke7 36. Kf3 Kf6 37. Ke3 Ke6 38. Kf3 Kf6 39. Ke3 Ke6 40. Kf3 Kf6 1/2-1/2

[Event "Goldmoney Asian Rapid"]
[Site "chess24.com INT"]
[Date "2021.06.27"]
[Round "6.8"]
[White "D Gukesh"]
[Black "Arjun Erigaisi"]
[Result "1/2-1/2"]
[EventDate "2021.06.26"]
[WhiteElo "2578"]
[BlackElo "2567"]
[PlyCount "128"]

1. d4 Nf6 2. c4 e6 3. Nf3 d5 4. Nc3 Bb4 5. Bg5 h6 6. Qa4+ Nc6 7. Bxf6 Qxf6 8. e3 O-O 9. Be2 Bd7 10. Qb3 dxc4 11. Qxc4 Bd6 12. O-O e5 13. d5 Na5 14. Qd3 Qe7 15. Nd2 f5 16. e4 f4 17. a3 c5 18. dxc6 Nxc6 19. Nd5 Qe6 20. Nf3 Rad8 21. Rfd1 Be8 22. Qb3 Kh8 23. Qxb7 Rb8 24. Qa6 Rxb2 25. Rac1 Nd4 26. Nxd4 exd4 27. Bf3 Qe5 28. Qxa7 Bg6 29. Qxd4 Qxd4 30. Rxd4 Bxa3 31. Rd3 Ra2 32. Rcd1 Bc5 33. R3d2 Rxd2 34. Rxd2 Bd6 35. h4 Bf7 36. Rc2 g5 37. Rc6 Rd8 38. hxg5 hxg5 39. Bg4 Kg7 40. Kf1 Bxd5 41. exd5 Kf6 42. Be6 Ke5 43. Rc2 Rb8 44. Ke2 Rb3 45. Rc8 Ke4 46. f3+ Kd4 47. Kf2 Ke5 48. Kg1 Rb1+ 49. Kh2 Rb8 50. Rc4 Rb7 51. Re4+ Kf6 52. Bh3 Re7 53. Rc4 Rc7 54. Re4 Re7 55. Ra4 Rh7 56. Kg1 Ke5 57. Be6 Bc5+ 58. Kf1 Rh1+ 59. Ke2 Rg1 60. Kd3 Rxg2 61. Kc4 Rc2+ 62. Kb5 Rc3 63. Rc4 Rxc4 64. Kxc4 1/2-1/2

[Event "Goldmoney Asian Rapid"]
[Site "chess24.com INT"]
[Date "2021.06.27"]
[Round "7.1"]
[White "Arjun Erigaisi"]
[Black "Levon Aronian"]
[Result "0-1"]
[EventDate "2021.06.26"]
[WhiteElo "2567"]
[BlackElo "2781"]
[PlyCount "104"]

1. d4 Nf6 2. c4 e6 3. g3 d5 4. Bg2 dxc4 5. Nf3 c5 6. O-O Nc6 7. dxc5 Qxd1 8. Rxd1 Bxc5 9. Nbd2 c3 10. bxc3 O-O 11. Nb3 Be7 12. c4 Bd7 13. Bb2 Rfc8 14. Bxf6 Bxf6 15. Rxd7 Bxa1 16. Nxa1 Rd8 17. Rd2 Ne5 18. Nb3 Nxc4 19. Rd4 Rxd4 20. Nfxd4 Nd6 21. f4 Rc8 22. e4 b6 23. e5 Nf5 24. Nc6 Kf8 25. Kf2 Ke8 26. Be4 Rc7 27. g4 Ne7 28. Nbd4 Kd7 29. Nxe7 Kxe7 30. Bc6 a6 31. Ke3 b5 32. h4 g6 33. Kd3 Rc8 34. Kc3 f6 35. Kb4 fxe5 36. fxe5 Rf8 37. Kc5 Rf2 38. Bb7 Rxa2 39. Bc8 Ra1 40. Bxe6 Rc1+ 41. Kd5 b4 42. Bg8 a5 43. Bxh7 a4 44. h5 gxh5 45. Nf5+ Kd8 46. e6 a3 47. e7+ Kd7 48. Bg6 Re1 49. e8=Q+ Rxe8 50. Bxe8+ Kxe8 51. Nd4 hxg4 52. Ke4 Kd7 0-1

[Event "Goldmoney Asian Rapid"]
[Site "chess24.com INT"]
[Date "2021.06.27"]
[Round "8.8"]
[White "Arjun Erigaisi"]
[Black "Vidit Santosh Gujrathi"]
[Result "1-0"]
[EventDate "2021.06.26"]
[WhiteElo "2567"]
[BlackElo "2726"]
[PlyCount "130"]

1. e4 c5 2. Nf3 e6 3. d4 cxd4 4. Nxd4 Nf6 5. Nc3 Nc6 6. Ndb5 d6 7. Bf4 e5 8. Bg5 a6 9. Na3 b5 10. Nd5 Be7 11. Bxf6 Bxf6 12. c3 Rb8 13. Nc2 Bg5 14. a4 bxa4 15. Ncb4 Nxb4 16. Nxb4 Bd7 17. Bxa6 Qa5 18. Qxd6 Rb6 19. Qd3 Be6 20. O-O Be7 21. Bc4 Bxb4 22. cxb4 Qxb4 23. Bxe6 fxe6 24. Qf3 Rf8 25. Qh5+ Rf7 26. Qxh7 Qxb2 27. Rac1 Rbb7 28. h4 Qb6 29. Rc8+ Ke7 30. Qh5 Rb8 31. Qg5+ Kd7 32. Rc4 a3 33. Qxe5 Ra8 34. Rc2 a2 35. Qa1 Qb3 36. Rb2 Qc4 37. Rd1+ Ke8 38. Rdd2 Rfa7 39. Rbc2 Qb3 40. Rc1 Rb7 41. Kh2 Qb1 42. Rxb1 Rxb1 43. Qxa2 Rxa2 44. Rxa2 Kf7 45. Kg3 Kf6 46. Ra5 Rb4 47. f3 Rb2 48. Ra1 g6 49. Rf1 e5 50. Rf2 Rb6 51. Rd2 Kg7 52. Kg4 Kf6 53. g3 Ra6 54. Rd8 Ra3 55. Rd6+ Kf7 56. Rb6 Re3 57. Rb4 Kf6 58. f4 Re1 59. fxe5+ Kxe5 60. Kg5 Rg1 61. g4 Rg2 62. Rb6 Kxe4 63. Rxg6 Kf3 64. Rf6+ Kg3 65. h5 1-0

[Event "Goldmoney Asian Rapid"]
[Site "chess24.com INT"]
[Date "2021.06.27"]
[Round "9.2"]
[White "Alireza Firouzja"]
[Black "Arjun Erigaisi"]
[Result "1/2-1/2"]
[EventDate "2021.06.26"]
[WhiteElo "2759"]
[BlackElo "2567"]
[PlyCount "68"]

1. e4 e5 2. Nf3 Nf6 3. Nxe5 d6 4. Nf3 Nxe4 5. Nc3 Nxc3 6. dxc3 Be7 7. Be3 O-O 8. Qd2 Nd7 9. O-O-O c6 10. Kb1 d5 11. h4 Re8 12. Bd3 Bc5 13. Bg5 f6 14. Bf4 Bb6 15. Nd4 Nc5 16. f3 Nxd3 17. Qxd3 c5 18. Nb5 Be6 19. Nd6 Re7 20. Nf5 Re8 21. g4 Qd7 22. c4 Rad8 23. Rhe1 dxc4 24. Qf1 Qa4 25. Rxd8 Bxd8 26. Nd6 Re7 27. Nxb7 Bb6 28. Re4 Qd7 29. Nd6 c3 30. Qe1 cxb2 31. Nf5 Re8 32. Nd6 Re7 33. Nf5 Re8 34. Nd6 Re7 1/2-1/2

[Event "Goldmoney Asian Rapid"]
[Site "chess24.com INT"]
[Date "2021.06.27"]
[Round "10.7"]
[White "Arjun Erigaisi"]
[Black "Yifan Hou"]
[Result "1-0"]
[EventDate "2021.06.26"]
[WhiteElo "2567"]
[BlackElo "2658"]
[PlyCount "66"]

1. d4 Nf6 2. c4 e6 3. Nc3 Bb4 4. e3 O-O 5. Bd2 b6 6. Nf3 Bb7 7. Bd3 Bxc3 8. Bxc3 Ne4 9. Bxe4 Bxe4 10. d5 c5 11. Nd2 Bf5 12. e4 exd5 13. cxd5 Re8 14. Qf3 Bg6 15. h4 h5 16. g4 Bxe4 17. Nxe4 Qe7 18. O-O-O Qxe4 19. Qxe4 Rxe4 20. gxh5 f6 21. Rdg1 Kh7 22. Rg6 Na6 23. Rhg1 Re7 24. h6 Nb4 25. Bxb4 cxb4 26. Rxg7+ Rxg7 27. hxg7 Kg8 28. h5 Rc8+ 29. Kd2 Rc5 30. h6 Rxd5+ 31. Ke3 Rh5 32. Rg6 Rh3+ 33. f3 1-0

[Event "Goldmoney Asian Rapid"]
[Site "chess24.com INT"]
[Date "2021.06.26"]
[Round "1.4"]
[White "Arjun Erigaisi"]
[Black "Jan-Krzysztof Duda"]
[Result "1/2-1/2"]
[EventDate "2021.06.26"]
[WhiteElo "2567"]
[BlackElo "2729"]
[PlyCount "66"]

1. d4 Nf6 2. c4 e6 3. g3 Bb4+ 4. Nd2 c5 5. a3 Bxd2+ 6. Qxd2 cxd4 7. Nf3 b6 8. b4 Bb7 9. Qxd4 Nc6 10. Qc3 Rc8 11. Bg2 d5 12. O-O O-O 13. Bb2 Ne7 14. Ne5 Nf5 15. Qe1 Nd6 16. Rc1 dxc4 17. Bxb7 Nxb7 18. Rxc4 Rxc4 19. Nxc4 Ne4 20. f3 Ned6 21. Qc3 f6 22. Rd1 Qe7 23. Nxd6 Nxd6 24. Qc6 Rd8 25. a4 Nf7 26. Rxd8+ Nxd8 27. Qc4 Kf7 28. a5 bxa5 29. bxa5 Qb7 30. Bd4 Nc6 31. a6 Qb4 32. Qxb4 Nxb4 33. Bxa7 Nxa6 1/2-1/2

[Event "Goldmoney Asian Rapid"]
[Site "chess24.com INT"]
[Date "2021.06.26"]
[Round "2.6"]
[White "Daniil Dubov"]
[Black "Arjun Erigaisi"]
[Result "0-1"]
[EventDate "2021.06.26"]
[WhiteElo "2714"]
[BlackElo "2567"]
[PlyCount "106"]

1. c4 c5 2. g3 Nc6 3. Bg2 g6 4. Nc3 Bg7 5. Nf3 e6 6. O-O Nge7 7. a3 d5 8. b4 cxb4 9. axb4 Nxb4 10. Ba3 Nbc6 11. d4 O-O 12. cxd5 exd5 13. e3 a6 14. Rc1 Re8 15. Qb3 Na5 16. Qa2 Nc4 17. Bxe7 Rxe7 18. Ng5 Be6 19. e4 Nb6 20. Nxe6 fxe6 21. exd5 exd5 22. Bxd5+ Kh8 23. Bg2 Qxd4 24. Rfd1 Qg4 25. Ne4 Rxe4 26. Bxe4 Qxe4 27. Qb3 Bd4 28. Qf7 Nd5 29. Qxb7 Rf8 30. Rd2 Rxf2 31. Rxf2 Bxf2+ 32. Kxf2 Qe3+ 33. Kg2 Qd2+ 34. Kh3 Qh6+ 35. Kg2 Qd2+ 36. Kh3 Qxc1 37. Qxd5 Qf1+ 38. Kg4 Qf5+ 39. Qxf5 gxf5+ 40. Kxf5 Kg7 41. g4 a5 42. Ke5 a4 43. Kd4 Kf6 44. h4 a3 45. Kc3 Ke5 46. h5 Kf4 47. Kb3 Kxg4 48. h6 Kg5 49. Kxa3 Kxh6 50. Kb2 Kg5 51. Kc2 Kf4 52. Kd2 Kf3 53. Ke1 Kg2 0-1

[Event "Goldmoney Asian Rapid"]
[Site "chess24.com INT"]
[Date "2021.06.26"]
[Round "3.3"]
[White "Arjun Erigaisi"]
[Black "Vladislav Artemiev"]
[Result "0-1"]
[EventDate "2021.06.26"]
[WhiteElo "2567"]
[BlackElo "2704"]
[PlyCount "92"]

1. d4 Nf6 2. c4 g6 3. Nc3 d5 4. cxd5 Nxd5 5. e4 Nxc3 6. bxc3 Bg7 7. Nf3 c5 8. Be3 Qa5 9. Nd2 Nd7 10. Qc2 O-O 11. Be2 Nb6 12. O-O Qa4 13. Qb2 cxd4 14. cxd4 Be6 15. Bb5 Qa5 16. a4 Rac8 17. Qa3 a6 18. Be2 Rc2 19. Rfd1 Re8 20. d5 Bd7 21. Rab1 Qxa4 22. Qxa4 Nxa4 23. Rxb7 Nc3 24. Bd3 Nxd1 25. Bxc2 Nxe3 26. fxe3 Bb5 27. Bb3 Rc8 28. Rxe7 Bh6 29. Kf2 Rc3 30. Bd1 Rd3 31. Nf3 Rxd1 32. h4 Bf8 33. Rb7 h5 34. Kg3 Bd3 35. Kf4 Bh6+ 36. Ke5 Bg7+ 37. Kf4 f6 38. Nd4 Rb1 39. Re7 Bf8 40. Rd7 Bh6+ 41. Kf3 Rf1+ 42. Kg3 Bxe3 43. Ne6 g5 44. d6 Bf4+ 45. Nxf4 gxf4+ 46. Kh2 Bb5 0-1

[Event "Goldmoney Asian Rapid"]
[Site "chess24.com INT"]
[Date "2021.06.26"]
[Round "4.7"]
[White "Baskaran Adhiban"]
[Black "Arjun Erigaisi"]
[Result "1/2-1/2"]
[EventDate "2021.06.26"]
[WhiteElo "2660"]
[BlackElo "2567"]
[PlyCount "90"]

1. e4 e5 2. Nf3 Nf6 3. d4 Nxe4 4. Bd3 d5 5. Nxe5 Nd7 6. Nc3 Nxe5 7. dxe5 Bb4 8. O-O Nxc3 9. bxc3 Bxc3 10. Ba3 Bxa1 11. Qxa1 Be6 12. Rb1 a6 13. Qc3 Ra7 14. Rxb7 Rxb7 15. Qc6+ Qd7 16. Qxb7 c5 17. Qxa6 O-O 18. Bxc5 Rc8 19. Bd4 Bf5 20. Bb5 Qd8 21. c3 Qg5 22. Qb7 h5 23. Bf1 Qc1 24. h3 Re8 25. Qb5 Re6 26. a4 Rg6 27. Kh2 Be4 28. Qe2 Qf4+ 29. g3 Qf5 30. Qe3 Qd7 31. a5 Qa4 32. a6 Rxa6 33. Bxa6 Qxa6 34. f3 Qa2+ 35. Kg1 Qb1+ 36. Kg2 Qc2+ 37. Kf1 Bd3+ 38. Kg1 Qd1+ 39. Kh2 Be2 40. f4 Bf3 41. Qg1 Qe2+ 42. Qf2 Qd1 43. Qg1 Qe2+ 44. Qf2 Qd1 45. Qg1 1/2-1/2

[Event "Goldmoney Asian Rapid"]
[Site "chess24.com INT"]
[Date "2021.06.26"]
[Round "5.2"]
[White "Arjun Erigaisi"]
[Black "Ding Liren"]
[Result "1/2-1/2"]
[EventDate "2021.06.26"]
[WhiteElo "2567"]
[BlackElo "2799"]
[PlyCount "94"]

1. d4 Nf6 2. c4 e6 3. g3 Bb4+ 4. Nd2 O-O 5. Bg2 d5 6. Nf3 b6 7. O-O Bb7 8. a3 Be7 9. cxd5 exd5 10. b4 a5 11. b5 c6 12. Qa4 cxb5 13. Qxb5 Ba6 14. Qb2 Nc6 15. Ne5 Rc8 16. Ndf3 Ne4 17. Be3 f6 18. Nd3 Bc4 19. Nd2 Nxd2 20. Qxd2 a4 21. Nb2 Bb3 22. Qd3 Qd7 23. Bd2 Nd8 24. Bc3 Nf7 25. Rfc1 b5 26. Qd2 Nd6 27. Bb4 Ne4 28. Qe1 Bxb4 29. Qxb4 Qd6 30. Nd3 Qxb4 31. Nxb4 f5 32. Kf1 Kf7 33. Ke1 Ke6 34. Bxe4 fxe4 35. Rxc8 Rxc8 36. Kd2 Rc4 37. Ke3 g5 38. Rh1 h5 39. h4 g4 40. Ra1 Rc8 41. Kd2 Rf8 42. Ke3 Bc4 43. Rc1 Kd6 44. Rc3 Rf7 45. Rc1 Rf8 46. Rc3 Rf7 47. Rc1 Rf8 1/2-1/2

[Event "Bangladesh Premier Division Chess League"]
[Site "Dhaka BAN"]
[Date "2021.03.22"]
[Round "4.2"]
[White "Erigaisi Arjun"]
[Black "Surya Shekhar Ganguly"]
[Result "1/2-1/2"]
[EventDate "?"]
[WhiteElo "2559"]
[BlackElo "2635"]
[PlyCount "60"]

1. e4 e5 2. Nf3 Nc6 3. d4 exd4 4. Nxd4 Nf6 5. Nxc6 bxc6 6. e5 Qe7 7. Qe2 Nd5 8. h4 a5 9. c4 Nb6 10. Nd2 a4 11. h5 h6 12. f4 Qe6 13. g4 Ra5 14. Rh3 Ba6 15. f5 Qe7 16. Re3 Qh4+ 17. Kd1 Kd8 18. Re4 d5 19. exd6 Bxd6 20. Qe3 Qf6 21. Qc3 Qxc3 22. bxc3 Re8 23. Rxe8+ Kxe8 24. Rb1 f6 25. Kc2 Kf7 26. c5 Bxc5 27. Bxa6 Rxa6 28. Ne4 Be7 29. Kd3 Ra8 30. Bf4 Rd8+ 1/2-1/2

[Event "Vidit Tour KO 2021"]
[Site "chess24.com INT"]
[Date "2021.03.06"]
[Round "3.1"]
[White "Erigaisi Arjun"]
[Black "Ghosh Aronyak"]
[Result "1/2-1/2"]
[EventDate "?"]
[WhiteElo "2559"]
[BlackElo "2436"]
[PlyCount "56"]

1. e4 c5 2. Nf3 d6 3. d4 Nf6 4. Nc3 cxd4 5. Qxd4 Nc6 6. Qe3 g6 7. Be2 Bg7 8. O-O O-O 9. h3 Qa5 10. Rd1 Be6 11. a3 h6 12. Rb1 Rac8 13. b4 Qb6 14. Qxb6 axb6 15. Bb2 Nd7 16. Na4 Ra8 17. Bxg7 Kxg7 18. Bb5 Bc4 19. Bxc4 Rxa4 20. Rb3 Rfa8 21. Rdd3 Nde5 22. Nxe5 Nxe5 23. Rdc3 Nxc4 24. Rxc4 Rxa3 25. Rxa3 Rxa3 26. Rc7 Kf6 27. Rxb7 Rc3 28. Rxb6 1/2-1/2

[Event "Vidit Tour KO 2021"]
[Site "chess24.com INT"]
[Date "2021.03.06"]
[Round "3.2"]
[White "Ghosh Aronyak"]
[Black "Erigaisi Arjun"]
[Result "1-0"]
[EventDate "?"]
[WhiteElo "2436"]
[BlackElo "2559"]
[PlyCount "72"]

1. c4 e6 2. Nc3 d5 3. e3 Nf6 4. Nf3 b6 5. b3 Bb7 6. cxd5 exd5 7. Bb2 Nbd7 8. d4 Bd6 9. Rc1 a6 10. g3 O-O 11. Bg2 Qe7 12. O-O Ne4 13. Ne1 Nxc3 14. Rxc3 a5 15. Nd3 Nf6 16. Ne5 Ne4 17. Rc2 a4 18. bxa4 Qe8 19. f3 Nf6 20. g4 Rxa4 21. g5 Nd7 22. f4 Rxa2 23. Bh3 f5 24. gxf6 Nxf6 25. Rg2 Bc8 26. Qf3 Ne4 27. Kh1 Bxh3 28. Qxh3 Qc8 29. Rxg7+ Kxg7 30. Rg1+ Kh8 31. Ng6+ Kg7 32. Nxf8+ Kf7 33. Qxc8 Nf2+ 34. Kg2 Rxb2 35. Qe6+ Kxf8 36. Kf3 1-0

[Event "Vidit Tour KO 2021"]
[Site "chess24.com INT"]
[Date "2021.03.05"]
[Round "2.1"]
[White "R Praggnanandhaa"]
[Black "Erigaisi Arjun"]
[Result "0-1"]
[EventDate "?"]
[WhiteElo "2608"]
[BlackElo "2559"]
[PlyCount "102"]

1. Nf3 d5 2. g3 Nf6 3. Bg2 c5 4. O-O g6 5. c3 Bg7 6. d4 cxd4 7. cxd4 Ne4 8. Nc3 Nc6 9. Bf4 O-O 10. h4 Bg4 11. Ne5 Nxc3 12. bxc3 Nxe5 13. dxe5 Be6 14. Rb1 Qc7 15. Bxd5 Rad8 16. e4 Qxc3 17. Rxb7 Bxd5 18. exd5 Bxe5 19. Bxe5 Qxe5 20. Rxa7 e6 21. Re1 Qxd5 22. Qxd5 Rxd5 23. Re2 Rc8 24. Kg2 h5 25. a4 Rc1 26. Ra2 Rdd1 27. Rb7 e5 28. Re2 Rg1+ 29. Kf3 Rc3+ 30. Re3 Rxe3+ 31. Kxe3 Ra1 32. Ra7 Kg7 33. a5 Kf6 34. Ke4 Ra4+ 35. Kd5 Rd4+ 36. Kc5 Rd2 37. Rc7 Rxf2 38. a6 Ra2 39. a7 Kf5 40. Kb6 Kg4 41. Rc3 f5 42. Kb7 f4 43. gxf4 exf4 44. Rc2 Rxa7+ 45. Kxa7 Kxh4 46. Kb6 f3 47. Kc5 Kg3 48. Kd4 f2 49. Rc1 Kg2 50. Rc2 Kg1 51. Rc6 g5 0-1

[Event "Vidit Tour KO 2021"]
[Site "chess24.com INT"]
[Date "2021.03.05"]
[Round "2.2"]
[White "Erigaisi Arjun"]
[Black "R Praggnanandhaa"]
[Result "1/2-1/2"]
[EventDate "?"]
[WhiteElo "2559"]
[BlackElo "2608"]
[PlyCount "156"]

1. d4 Nf6 2. c4 g6 3. Nc3 Bg7 4. e4 d6 5. Be2 O-O 6. Be3 Na6 7. Nf3 e5 8. O-O Qe8 9. h3 Bd7 10. Re1 Rd8 11. a3 exd4 12. Bxd4 c5 13. Bxf6 Bxf6 14. Qxd6 Bxc3 15. bxc3 Qxe4 16. Bd3 Qc6 17. Qf4 Kg7 18. Be4 Qc7 19. Qxc7 Nxc7 20. Bxb7 Be6 21. Re5 Rb8 22. Be4 Na6 23. Bd5 Nc7 24. Be4 Rfc8 25. Rxc5 Ne8 26. Rb5 Bxc4 27. Rxb8 Rxb8 28. Ne5 Rc8 29. Bc6 Nd6 30. Rd1 Kf6 31. f4 Ke7 32. Bf3 Bb5 33. Rc1 f6 34. Ng4 Rc5 35. Ne3 Bc4 36. Re1 Kd7 37. Ng4 Rf5 38. g3 h5 39. Ne3 Rc5 40. g4 h4 41. g5 f5 42. Ng2 Bf7 43. Rc1 Nb5 44. Nxh4 Nxa3 45. Be2 a5 46. Nf3 Ke7 47. Ne5 Be8 48. Kf2 a4 49. Ke3 Nb5 50. c4 Nc7 51. Ra1 Ne6 52. Bd1 Ra5 53. Ra3 Kd6 54. h4 Ra7 55. Bc2 Kc5 56. h5 Kb4 57. Ra1 gxh5 58. Bxf5 Nc5 59. g6 a3 60. Nd3+ Nxd3 61. Bxd3 a2 62. f5 Kb3 63. f6 Kb2 64. Rxa2+ Kxa2 65. Kf4 Kb3 66. Kg5 Kc3 67. Bf5 Kd4 68. Be6 Bxg6 69. Kxg6 Ke5 70. f7 Ra8 71. Bd5 Rd8 72. Kg7 h4 73. f8=Q Rxf8 74. Kxf8 h3 75. Ke7 h2 76. Kd7 Kd4 77. Ke6 h1=Q 78. Bxh1 Kxc4 1/2-1/2